|
|
|
|
| LEADER |
00000nab a2200000 ar4500 |
| 001 |
vtls010117858 |
| 003 |
SK-MaSNL |
| 005 |
20260426094825.0 |
| 008 |
100723c2010 xo mr|p|||a |000 b|slo |
| 015 |
|
|
|a SNBRB2010/07
|
| 038 |
|
|
|a SPK
|
| 040 |
|
|
|a SPKCL
|b slo
|c AACR2
|e AACR2
|
| 041 |
0 |
|
|a slo
|b slo
|
| 044 |
|
|
|a xo
|c SK
|
| 072 |
|
7 |
|a 314
|x Demografia. Populácia
|2 konspekt
|
| 072 |
|
7 |
|a 371
|x Školstvo (organizácia)
|2 konspekt
|
| 080 |
|
|
|a 314.723
|2 2001
|
| 080 |
|
|
|a 371
|x (437.6)
|2 2001
|
| 100 |
1 |
|
|a Soroková, Tatiana,
|d 1959-
|4 aut
|9 196916
|
| 245 |
1 |
0 |
|a Fenomén "úniku mozgov" v kontexte slovenského školstva
|c Tatiana Soroková
|
| 546 |
|
|
|a Res. slov.
|
| 650 |
0 |
7 |
|a odliv mozgov
|2 snkbucl
|9 82038
|
| 650 |
0 |
7 |
|a školstvo
|2 snkbucl
|9 19712
|
| 651 |
|
7 |
|a Slovensko
|2 snkbucl
|9 14231
|
| 773 |
0 |
|
|t Manažment školy : odborný mesačník pre manažment škôl, školských a predškolských zariadení
|g Roč. 5, č. 6 (2010), s. 12-16
|x 1336-9849
|
| 852 |
|
|
|a SPK
|b KIS3GCP
|
| 999 |
|
|
|c 3148653
|d 3150583
|